• 首页
  • 本馆介绍
  • 公告通知
  • 最新文献
  • 馆藏检索
  • 电子资源
  • 读者导购
  • 参考咨询
  • 我的图书馆
  • 登录
  • 详细信息显示
  • 放入我的书架
  • 预约/预借图书
  • 作者相关作品
  • 分类相关作品
  • 丛书相关作品
  • 出版社相关作品

书目信息

  • 表格格式
  • 工作单格式
  • 卡片格式
题名:
学校与社会
    
 
作者: 杜威 著 ;刘时工 译
分册:  
出版信息: 上海   华东师范大学出版社  2019
页数: 129页
开本: 21cm
丛书名:
单 册:
中图分类: G40-06 , G40-097.12
科图分类:
主题词:
电子资源:
ISBN: 978-7-5675-8616-1
000 01027nam0 2200277 450
001 0104832601
005 20200319185559.0
010    @a978-7-5675-8616-1@dCNY35.00
100    @a20190626d2019 em y0chiy0120 ea
101 1  @achi@ceng
102    @aCN@b310000
105    @aa z 000yy
106    @ar
200 1  @a学校与社会@9Xue Xiao;Jiao Yu She Hui;Kuai @f(美)约翰·杜威(John Dewey)著@g刘时工译@b专著
210    @a上海@c华东师范大学出版社@d2019
215    @a129页@c图@d21cm
300    @a杜威著作精选/刘放桐,陈亚军主编
330    @a本书分九章,内容包括:学校与社会进步、学校与儿童生活、教育中的浪费、初等教育心理学、福禄培尔的教育原理、注意力的发展、初等教育中历史教学的目标。
510 1  @aSchool and society@zeng
600  0 @a杜威@c(Dewey, John@f1859-1952)@x实用主义教育思想
690    @aG40-06@v5
690    @aG40-097.12@v5
701  0 @c(美)@a杜威@c(Dewey, John@f1859~1952)@4著@9du wei
702  0 @a刘时工@f(1968~)@4译@9liu shi gong
801  0 @aCN@bAZmarc@c20230906
905    @aBZT@dG40-06@e20@f1@sG40-06/20
    
    学校与社会/(美)约翰·杜威(John Dewey)著/刘时工译.-上海:华东师范大学出版社,2019
    129页:图;21cm
    杜威著作精选/刘放桐,陈亚军主编
    
    ISBN 978-7-5675-8616-1:CNY35.00
    本书分九章,内容包括:学校与社会进步、学校与儿童生活、教育中的浪费、初等教育心理学、福禄培尔的教育原理、注意力的发展、初等教育中历史教学的目标。
●
相关链接 在五车中查询图书 在当当中查询图书 在豆瓣中查询图书


正题名:学校与社会     索取号:G40-06/20         预约/预借

序号 登录号 条形码 馆藏地/架位号 状态 备注
1 2000026361   2000026361   旧书回溯/ [索取号:G40-06/20] 在馆    
山东省滨州职业学院图书馆 欢迎您!
大连网信软件有限公司© 版权所有